000 00684 a2200253 4500
003 0199156
005 20251014215311.0
008 251014b |||||||| |||| 00| 0 eng d
020 _a978-978--984-654-2
040 _cNile University of Nigeria , ABUJA.
_erda
050 _a KP 61 .A7
082 _a KP 61 .A7
100 _aAsein O. John
_d2021
245 _a introduction to Nigeria Legal System
250 _aThird
260 _aAbuja
_bBooks and Gavel
_c2021
264 _aAbuja
_bBooks and Gavel
_c2021
300 _bIxiv, 505 pg., 35 cm
336 _2rdacontent
338 _2rdacarrier
500 _a INCLUDES INDEX
650 _aLEGAL SYSTEM
942 _2lcc
_cBK
999 _c43768
_d43768